10 transfert les + cher du SRFC - Statistiques

Statistiques générales
  • Ce quiz a été pris 67 fois
  • Le résultat moyen est 4 sur 10
Statistiques - réponses
Montant Réponse % Correct
31M Eduardo Camavinga
79%
35M Ousmane Dembélé
77%
60M Jérémy Doku
74%
20M Mathys Tel
44%
35M Nayef Aguerd
28%
25M Lovro Majer
26%
25M Kamaldeen Sulemana
25%
27M Lesley Ugochukwu
23%
30M Ismaila Sarr
21%
24M Edouard Mendy
20%
Aucun quiz correspondant
Distribution des résultats
% des personnes avec chaque résultat
Percentile par nombre de réponses
Votre historique - résultats
Vous n’avez pas pris ce quiz